=LDR 00000nam 2200000 4500 =001 INLIS000000000809914 =008 ###################################ind## =035 ##$$a 0010-0925000039 =245 ##$$a Bagaimana Bila Ajal Tiba / $c abdul muhsin bin abdur rahman =260 ##$$b Darul Haq =084 ##$$a 297.262 ABD